| 000 | 00972nam a22002177a 4500 | ||
|---|---|---|---|
| 003 | BD-DhUL | ||
| 005 | 20181106103948.0 | ||
| 008 | 181106s1991 ii ||||| |||| 00| 0 eng d | ||
| 040 |
_aBD-DhUL _cBD-DhUL |
||
| 082 |
_a891.4409 _bBAB |
||
| 100 | 0 | 1 | _aবন্দ্যোপাধ্যায়, অসিতকুমার |
| 245 | 0 | 1 |
_aবাংলা সাহিত্যে বিদ্যাসাগর / _cঅসিতকুমার বন্দ্যোপাধ্যায় |
| 250 | _aদে'জ সংশোধিত | ||
| 260 |
_aকলকাতা : _bদে'জ, _c1991 |
||
| 300 |
_a২০৮ পৃ. ; _c২২ সেমি |
||
| 365 |
_aRS _b100.00 |
||
| 500 | _aগ্রন্থপঞ্জিগত তথ্য ও নির্ঘণ্ট সংবলিত | ||
| 650 | 0 | _aবাংলা সাহিত্য - ইতিহাস ও সমালোচনা | |
| 650 | 0 | _aBangali literature - History and critecism | |
| 942 |
_2ddc _cBK |
||
| 999 |
_c244396 _d244396 |
||